LEADER 01560nam a2200289 4500 001 000000355725 003 CaOOAMICUS 005 20231016120306.0 008 231016s18201821it a 000 u ita r 040 $aSeMil$bita 100 11$aDa Persico, Giovanni Battista,$d<1777-1845>.$0(OLS)http://semarc/name/118475 245 10$aDescrizione di Verona e della sua provincia parte prima [-seconda]. 264 1$aIn Verona :$bDalla Società Tipografica Editrice,$c1820-1821. 300 $a2 v. ;$bill. ;$c8° 500 $aVignetta calcogr. sui front. 500 $aIl nome dell'autore, Giovambatista da Persico, dalla dedica del vol. 1 500 $aLa carta geografica ripiegata è disegnata da Rizzini 500 $aIll. calcogr. incise da A. Rivelanti 500 $aLegati insieme in un unico tomo 650 4$aVerona - Guide.$0(OLS)http://semarc/subject/25713 700 1 $aRivelanti, Alessandro .$0(OLS)http://semarc/name/76072 710 0 $aSocietà tipografica .$0(OLS)http://semarc/name/11314 774 0 $aDa Persico, Giovanni Battista <1777-1845>$tParte prima.$dIn Verona : Dalla Società Tipografica Editrice, 1820.$w()355726 774 0 $aDa Persico, Giovanni Battista <1777-1845>$tParte seconda.$dIn Verona : Dalla Società Tipografica Editrice, 1821.$w()355727 996 $6245$aDescrizione di Verona e della sua provincia parte prima [-seconda]$9(OLS)http://semarc/title/445957 996 $6264$aIn Verona :$bDalla Società Tipografica Editrice$9(OLS)http://semarc/publisher/36495 LEADER 01239nam a2200277 i 4500 001 000000051774 003 CaOOAMICUS 005 20091202000000.0 008 091202s1995 fr u000 u fre u 013 $a22946 020 $a2-86537-564-1 040 $aSeMil$bita 100 1 $aJaouen, René .$0(OLS)http://semarc/name/25572 245 12$aL'Eucharistie du mil :$blangages d'un peuple, expressions de la foi /$cRené Jaouen. 260 $aParis :$bKarthala,$c1995. 300 $a283 p. ;$c21 cm. 490 0 $aChrétiens en liberté. Questions disputées 650 4$aEucaristia - Teologia sistematica.$0(OLS)http://semarc/subject/5569 650 4$aAfrica Nera - Teologia - Sacramenti.$0(OLS)http://semarc/subject/10650 830 0$aChrétiens en liberté. Questions disputées.$0(OLS)http://semarc/title/17114 850 $aSeMil 852 $aSeMil$W1$xVenegono$y1$m2B VI 199$j17929$B17929$CSeMilBibl$Z2$F17930 $81 961 $aAcquisto: Casa editrice 996 $6020$a2-86537-564-1$9(OLS)http://semarc/number/25980 996 $6245$aL'Eucharistie du mil :$blangages d'un peuple, expressions de la foi$9(OLS)http://semarc/title/79360 996 $6260$aParis :$bKarthala$9(OLS)http://semarc/publisher/32031